| 000 | 00534nam a2200157Ia 4500 | ||
|---|---|---|---|
| 008 | 170224s9999 xx 000 0 und d | ||
| 100 | _aBjorn Nansen | ||
| 245 | _aInfants, Interfaces, and Intermediation: Digital Parenting and the Production of “iPad Baby” Videos on YouTube | ||
| 245 | _cBjorn Nansen & Darshana Jayemanne | ||
| 260 | _bJournal of Broadcasting & Electronic Media | ||
| 260 | _cDecember | ||
| 300 | _a60:4, Pages: 587-603 | ||
| 500 | _aDecember | ||
| 650 | _xCommunication Arts | ||
| 650 | _xMultimedia Arts | ||
| 999 |
_c316219 _d316219 |
||